Handbook on the bill of rights - 1987 Philippine constitution : (Record no. 98944)
[ view plain ]
| 000 -LEADER | |
|---|---|
| fixed length control field | 00651nam a22001937a 4500 |
| 003 - CONTROL NUMBER IDENTIFIER | |
| control field | URS |
| 005 - DATE AND TIME OF LATEST TRANSACTION | |
| control field | 20260319181623.0 |
| 008 - FIXED-LENGTH DATA ELEMENTS--GENERAL INFORMATION | |
| fixed length control field | 260225b |||||||| |||| 00| 0 eng d |
| 020 ## - INTERNATIONAL STANDARD BOOK NUMBER | |
| International Standard Book Number | 9786210226744 |
| 040 ## - CATALOGING SOURCE | |
| Transcribing agency | URS |
| 050 ## - LIBRARY OF CONGRESS CALL NUMBER | |
| Classification number | KPM 2095 |
| Item number | .W8461 2025 |
| 100 ## - MAIN ENTRY--PERSONAL NAME | |
| Personal name | Wong, Rogelio N. |
| 245 ## - TITLE STATEMENT | |
| Title | Handbook on the bill of rights - 1987 Philippine constitution : |
| Remainder of title | arrest, search, seizure and custodial investigation / |
| Statement of responsibility, etc | Atty. Rogelio N. Wong. |
| 250 ## - EDITION STATEMENT | |
| Edition statement | 2025 Edition.-- |
| 264 ## - PUBLICATION, DISTRIBUTION, ETC. (IMPRINT) | |
| Place of publication, distribution, etc | Quezon City : |
| Name of publisher, distributor, etc | Central Book Supply, Inc., |
| Date of publication, distribution, etc | ©2025. |
| 300 ## - PHYSICAL DESCRIPTION | |
| Extent | xviii, 634 pages : |
| Dimensions | 24 cm. |
| 650 ## - SUBJECT ADDED ENTRY--TOPICAL TERM | |
| Topical term or geographic name as entry element | Constitutional law |
| Geographic subdivision | Philippines. |
| 942 ## - ADDED ENTRY ELEMENTS (KOHA) | |
| Source of classification or shelving scheme | Library of Congress Classification |
| Koha item type | Filipiniana |
| Withdrawn status | Lost status | Source of classification or shelving scheme | Damaged status | Not for loan | Collection code | Home library | Current library | Shelving location | Date acquired | Source of acquisition | Total Checkouts | Full call number | Barcode | Date last seen | Copy number | Price effective from | Koha item type |
|---|---|---|---|---|---|---|---|---|---|---|---|---|---|---|---|---|---|
| Library of Congress Classification | Non-fiction | Antipolo College Library | Antipolo College Library | Filipiniana Section | 10/23/2025 | Purchased | KPM 2095 .W8461 2025 | URSANT-06328 | 02/25/2026 | 1 | 02/25/2026 | Filipiniana | |||||
| Library of Congress Classification | Non-fiction | Antipolo College Library | Antipolo College Library | Filipiniana Section | 10/23/2025 | Purchased | KPM 2095 .W8461 2025 | URSANT-06329 | 02/25/2026 | 2 | 02/25/2026 | Filipiniana |